Guess the WW2 Leaders - Statistics

General Stats
  • This quiz has been taken 39 times
  • The average score is 11 of 16
Answer Stats
Picture Answer % Correct
Adolf Hitler
100%
Benito Mussolini
100%
Franklin D. Roosevelt
94%
Winston Churchill
91%
Hirohito
88%
Joseph Stalin
88%
Charles de Gaulle
82%
Dwight D. Eisenhower
70%
Erwin Rommel
64%
Douglas MacArthur
58%
Hermann Goring
55%
Bernard Montgomery
52%
Hideki Tojo
45%
Chiang Kai-shek
42%
Georgy Zhukov
36%
Philipee Petain
0%
No matching quizzes found
Score Distribution
Percent of People with Each Score
Percentile by Number Answered
Your Score History
You have not taken this quiz